[Event "Niedersachsen-ch op-D"]
[Site "Verden"]
[Date "2017.01.08"]
[Round "7"]
[White "Kaspschak, Karola"]
[Black "Kumas, Alina"]
[Result "1-0"]
[WhiteElo "1365"]
[BlackElo "845"]
[PlyCount "149"]
[EventDate "2017.01.05"]
[EventType "swiss"]
[EventRounds "7"]
[EventCountry "GER"]
[SourceTitle "CBM 187 Extra"]
[Source "ChessBase"]
[SourceDate "2018.11.04"]
[SourceVersion "1"]
[SourceVersionDate "2018.11.04"]
[SourceQuality "1"]

1. e4 e5 2. Nf3 Nc6 3. Nc3 Bb4 4. Be2 Nf6 5. d3 d5 6. 0-0 0-0 7. a3 Bxc3 8. bxc3 dxe4 9. dxe4 Nxe4 10. Qxd8 Rxd8 11. c4 b6 12. Bb2 f6 13. Rad1 Bg4 14. Rd3 Bxf3 15. Bxf3 Nd2 16. Bxc6 Rab8 17. Rd1 Rxd3 18. cxd3 Nb3 19. f3 Na5 20. Ba4 c6 21. Bc3 b5 22. cxb5 cxb5 23. Rb1 a6 24. Bb3+ Nxb3 25. Rxb3 Rc8 26. Bd2 Rc2 27. Be3 Re2 28. Bb6 Re1+ 29. Kf2 Rh1 30. h3 Rd1 31. Rc3 Rd2+ 32. Kg3 g5 33. Rc8+ Kg7 34. Rc7+ Kg8 35. h4 h6 36. Rc8+ Kg7 37. hxg5 fxg5 38. Rd8 Re2 39. Bc7 Rc2 40. Bxe5+ Kf7 41. f4 Ra2 42. fxg5 hxg5 43. Bd6 a5 44. Kg4 b4 45. axb4 axb4 46. Bxb4 Ra4 47. Rd4 Kg6 48. Rd6+ Kf7 49. Rb6 Ra2 50. g3 Re2 51. Kxg5 Re5+ 52. Kf4 Rd5 53. Ke4 Rg5 54. Be1 Rg4+ 55. Kf5 Rg7 56. Rb7+ Kg8 57. Rxg7+ Kxg7 58. g4 Kf7 59. Bc3 Kg8 60. d4 Kg7 61. d5+ Kf7 62. d6 Ke8 63. Bb4 Kd7 64. Kf6 Kd8 65. Kf7 Kd7 66. g5 Kd8 67. g6 Kd7 68. g7 Kd8 69. g8R+ Kd7 70. Re8 Kc6 71. Ke7 Kb7 72. d7 Kc7 73. d8R Kb7 74. Rd1 Kb6 75. Be1 1-0

[Event "MVP-ch Seniors op 16th"]
[Site "Binz"]
[Date "2016.11.27"]
[Round "5.82"]
[White "Kaspschak, Karola"]
[Black "Wilfert, Eva Maria"]
[Result "0-1"]
[WhiteElo "1365"]
[BlackElo "1653"]
[PlyCount "118"]
[EventDate "2016.11.23"]
[EventType "swiss"]
[EventRounds "9"]
[EventCountry "GER"]
[SourceTitle "EXT 2018"]
[Source "ChessBase"]
[SourceDate "2017.10.13"]
[SourceVersion "1"]
[SourceVersionDate "2017.10.13"]
[SourceQuality "1"]

1. e4 d5 2. exd5 Qxd5 3. Nc3 Qa5 4. Nf3 Bg4 5. Be2 c6 6. 0-0 Nf6 7. h3 Bd7 8. d4 e6 9. Be3 Bd6 10. Qd2 Qc7 11. Kh1 Bb4 12. a3 Bxc3 13. Qxc3 Nd5 14. Qd2 0-0 15. Ne5 f6 16. Nxd7 Nxd7 17. c4 Nxe3 18. Qxe3 Rae8 19. Qb3 Kh8 20. Bd3 e5 21. dxe5 Rxe5 22. Qc3 Rfe8 23. b4 a6 24. g3 c5 25. Kg2 b6 26. b5 a5 27. a4 Qb7+ 28. Kh2 Nf8 29. Rfe1 Qf3 30. Qd2 Rxe1 31. Rxe1 Rxe1 32. Qxe1 Qxd3 33. Qe8 Kg8 34. Kg2 Qxc4 35. Qc6 Qe6 36. Qc7 h6 37. h4 c4 38. f4 f5 39. Qd8 Kf7 40. h5 Nd7 41. Qc7 Kg8 42. Qc8+ Kh7 43. Qc6 Qe4+ 44. Kf2 Qd4+ 45. Kg2 c3 46. Qg6+ Kh8 47. Qe8+ Kh7 48. Qg6+ Kg8 49. Qe8+ Nf8 50. Qc6 Qd2+ 51. Kf3 c2 52. Qc4+ Kh8 53. Qc8 Qd1+ 54. Kg2 Kg8 55. Qc4+ Kh8 56. Qc8 Kh7 57. Qxf5+ Kg8 58. Qc8 Qd2+ 59. Kh3 Qd7+ 0-1

[Event "Schleswig Holstein-ch Seniors op 10th"]
[Site "Buesum"]
[Date "2016.09.30"]
[Round "5"]
[White "Moeller, Bernd"]
[Black "Kaspschak, Karola"]
[Result "1-0"]
[WhiteElo "1625"]
[BlackElo "1385"]
[PlyCount "81"]
[EventDate "2016.09.26"]
[EventType "swiss"]
[EventRounds "9"]
[EventCountry "GER"]
[SourceTitle "EXT 2019"]
[Source "ChessBase"]
[SourceDate "2018.10.10"]
[SourceVersion "1"]
[SourceVersionDate "2018.10.10"]
[SourceQuality "1"]

1. d4 d5 2. c4 e6 3. Nc3 Nf6 4. Nf3 Be7 5. a3 a6 6. e3 0-0 7. b4 c6 8. c5 Nbd7 9. Bb2 h6 10. Bd3 b5 11. Bc2 Qc7 12. Qd3 e5 13. dxe5 Nxe5 14. Nxe5 Qxe5 15. Nd1 Qe4 16. f3 Qxd3 17. Bxd3 Be6 18. Nf2 a5 19. 0-0 a4 20. Rad1 Rad8 21. Bd4 Nd7 22. f4 Bf6 23. f5 Bxd4 24. exd4 Bxf5 25. Bxf5 Nf6 26. h3 g5 27. Rde1 Rde8 28. Nd3 Rxe1 29. Rxe1 Kg7 30. Kf1 Re8 31. Rxe8 Nxe8 32. Bd7 Nf6 33. Bxc6 Ne4 34. Bxb5 Nd2+ 35. Ke1 Nb3 36. c6 Nxd4 37. Bxa4 Ne6 38. b5 Nc7 39. b6 Na8 40. b7 Nc7 41. b8Q 1-0

[Event "Schleswig Holstein-ch Seniors op 10th"]
[Site "Buesum"]
[Date "2016.09.28"]
[Round "3"]
[White "Assmann, Hans"]
[Black "Kaspschak, Karola"]
[Result "1/2-1/2"]
[WhiteElo "1715"]
[BlackElo "1385"]
[PlyCount "32"]
[EventDate "2016.09.26"]
[EventType "swiss"]
[EventRounds "9"]
[EventCountry "GER"]
[SourceTitle "EXT 2019"]
[Source "ChessBase"]
[SourceDate "2018.10.10"]
[SourceVersion "1"]
[SourceVersionDate "2018.10.10"]
[SourceQuality "1"]

1. e4 e5 2. Nf3 Nc6 3. c3 Nf6 4. Qc2 Be7 5. Bb5 d6 6. d4 0-0 7. Na3 exd4 8. cxd4 Qd7 9. d5 Nb4 10. Qc4 Qg4 11. 0-0 Qxe4 12. Qxe4 Nxe4 13. Re1 Bf5 14. Nd2 Nxd2 15. Bxd2 Nxd5 16. Bc4 Bf6 1/2-1/2

[Event "Schleswig Holstein-ch Seniors op 10th"]
[Site "Buesum"]
[Date "2016.09.27"]
[Round "2"]
[White "Kaspschak, Karola"]
[Black "Fritsch, Juergen"]
[Result "0-1"]
[WhiteElo "1385"]
[BlackElo "1811"]
[PlyCount "98"]
[EventDate "2016.09.26"]
[EventType "swiss"]
[EventRounds "9"]
[EventCountry "GER"]
[SourceTitle "EXT 2019"]
[Source "ChessBase"]
[SourceDate "2018.10.10"]
[SourceVersion "1"]
[SourceVersionDate "2018.10.10"]
[SourceQuality "1"]

1. e4 e5 2. Nf3 Nc6 3. d4 exd4 4. Nxd4 Bc5 5. Be3 Bxd4 6. Bxd4 Nxd4 7. Qxd4 Qf6 8. Qxf6 Nxf6 9. Nc3 0-0 10. Be2 d6 11. 0-0 Bd7 12. h3 Bc6 13. f3 a6 14. Rad1 Rfe8 15. Bd3 h6 16. Rfe1 g5 17. g4 Re5 18. Kf2 Rae8 19. a3 Kg7 20. b4 a5 21. b5 Bd7 22. a4 b6 23. Bc4 Rc5 24. Rd4 Be6 25. Nd5 Bxd5 26. exd5 Re5 27. Bb3 Rc3 28. Rxe5 dxe5 29. Rc4 Rxc4 30. Bxc4 Nd7 31. Ke3 Nc5 32. c3 Nxa4 33. Ke4 Kf6 34. d6 cxd6 35. Kd5 Nxc3+ 36. Kxd6 e4 37. fxe4 Nxe4+ 38. Kc6 a4 39. Kxb6 Nd6 40. Ba2 Ke7 41. Kc6 f5 42. gxf5 Nxf5 43. Kc7 h5 44. b6 Nd6 45. Bd5 a3 46. b7 Nxb7 47. Bxb7 a2 48. Bf3 h4 49. Bc6 a1Q 0-1

[Event "GER-chB Seniors 27th"]
[Site "Magdeburg"]
[Date "2015.08.23"]
[Round "9"]
[White "Kaspschak, Karola"]
[Black "Geibel, Henning"]
[Result "1-0"]
[WhiteElo "973"]
[BlackElo "1476"]
[PlyCount "111"]
[EventDate "2015.08.15"]
[EventType "swiss"]
[EventRounds "9"]
[EventCountry "GER"]
[SourceTitle "EXT 2018"]
[Source "ChessBase"]
[SourceDate "2017.10.13"]
[SourceVersion "1"]
[SourceVersionDate "2017.10.13"]
[SourceQuality "1"]

1. e4 e5 2. Nf3 Be7 3. Nc3 Bf6 4. Bc4 Ne7 5. 0-0 0-0 6. Re1 a6 7. a3 d6 8. b4 Bg4 9. Bb2 Nbc6 10. Be2 b5 11. h3 Be6 12. Nh2 Nd4 13. Nf3 Nxe2+ 14. Qxe2 Ng6 15. Nd5 c6 16. Nxf6+ Qxf6 17. g3 Bxh3 18. Qe3 Bg4 19. Kg2 h5 20. Rh1 Qe6 21. Ng5 Qc4 22. Qd3 h4 23. Qxc4 bxc4 24. d4 cxd3 25. cxd3 hxg3 26. fxg3 f5 27. exf5 Bxf5 28. Rhd1 Ne7 29. Kg1 Nd5 30. Rac1 Rac8 31. a4 Nxb4 32. Ba3 Nxd3 33. Rc3 Nc5 34. Bxc5 dxc5 35. Rxc5 e4 36. Re1 Bg6 37. Nxe4 Bxe4 38. Rxe4 Rf3 39. Kg2 Rf6 40. Rf4 Rxf4 41. gxf4 Kf7 42. Kf3 Ke7 43. Ke4 Kd6 44. Kd4 Rb8 45. Kc4 g6 46. Rg5 Rg8 47. f5 Ke5 48. fxg6+ Kf6 49. Rc5 Rxg6 50. Rxc6+ Kf5 51. Rxg6 Kxg6 52. Kc5 Kf6 53. Kb6 Ke7 54. Kxa6 Kd7 55. Kb7 Kd6 56. a5 1-0

[Event "GER-ch24 final (Women) email"]
[Site "GER email"]
[Date "2013.05.08"]
[Round "?"]
[White "Kaspschak, Karola"]
[Black "Koch, Daniela"]
[Result "1/2-1/2"]
[WhiteElo "1545"]
[BlackElo "1844"]
[PlyCount "49"]
[EventDate "2013.05.11"]
[EventType "tourn (corr)"]
[EventRounds "11"]
[EventCountry "GER"]
[SourceTitle "Corr 2015"]
[Source "ChessBase"]
[SourceDate "2015.07.17"]
[SourceVersion "1"]
[SourceVersionDate "2015.07.17"]
[SourceQuality "1"]

1. e4 c5 2. Nf3 d6 3. d4 cxd4 4. Nxd4 Nc6 5. Nc3 Bd7 6. Be3 Nf6 7. Be2 e6 8. f4 Be7 9. 0-0 a6 10. a4 Qc7 11. Qd2 0-0 12. Rad1 h6 13. Nb3 b6 14. f5 Ne5 15. fxe6 fxe6 16. Bf4 Rf7 17. Bxe5 dxe5 18. Bh5 Nxh5 19. Rxf7 Kxf7 20. Qxd7 Rc8 21. Nc1 Qc5+ 22. Kh1 Rd8 23. Rf1+ Nf4 24. Qb7 Qc4 25. Nd3 1/2-1/2

[Event "GER-ch24 final (Women) email"]
[Site "GER email"]
[Date "2013.05.08"]
[Round "?"]
[White "Vinken, Stefanie"]
[Black "Kaspschak, Karola"]
[Result "0-1"]
[WhiteElo "1487"]
[BlackElo "1545"]
[PlyCount "30"]
[EventDate "2013.05.11"]
[EventType "tourn (corr)"]
[EventRounds "11"]
[EventCountry "GER"]
[SourceTitle "Corr 2015"]
[Source "ChessBase"]
[SourceDate "2015.07.17"]
[SourceVersion "1"]
[SourceVersionDate "2015.07.17"]
[SourceQuality "1"]

1. d4 d5 2. c4 c6 3. Nf3 Nf6 4. Nc3 e6 5. e3 Nbd7 6. Bd3 dxc4 7. Bxc4 a6 8. 0-0 b5 9. Bd3 Bb7 10. e4 c5 11. Bg5 h6 12. Bh4 c4 13. Bxc4 bxc4 14. e5 g5 15. Nxg5 hxg5 0-1

[Event "Hannover Region-ch"]
[Site "Langenhagen"]
[Date "2011.03.26"]
[Round "6"]
[White "Kaspschak, Karola"]
[Black "Mumm, Karen"]
[Result "0-1"]
[WhiteElo "787"]
[BlackElo "1194"]
[PlyCount "104"]
[EventDate "2011.01.29"]
[EventType "swiss"]
[EventRounds "7"]
[EventCountry "GER"]
[SourceTitle "EXT 2021"]
[Source "ChessBase"]
[SourceDate "2020.10.23"]
[SourceVersion "1"]
[SourceVersionDate "2020.10.23"]
[SourceQuality "1"]

1. e4 d5 2. exd5 Nf6 3. Nc3 Nxd5 4. Bc4 e6 5. Nf3 Nxc3 6. bxc3 Bd6 7. 0-0 0-0 8. d4 Nd7 9. Re1 Nb6 10. Bb3 Nd5 11. Bxd5 exd5 12. Qd3 h6 13. Bd2 Be6 14. Rab1 b6 15. Re3 Bf4 16. Re2 Qd6 17. Bxf4 Qxf4 18. Ne5 Rfe8 19. Qf3 Qxf3 20. Nxf3 Bg4 21. Re5 Bxf3 22. gxf3 Rxe5 23. dxe5 Re8 24. Re1 Re6 25. f4 f6 26. h4 h5 27. Re3 Kf7 28. Kf1 b5 29. a3 Ra6 30. c4 dxc4 31. Ke2 c5 32. Rc3 Re6 33. a4 fxe5 34. fxe5 Rxe5+ 35. Kf3 a6 36. axb5 axb5 37. Ra3 b4 38. Ra7+ Kf6 39. Ra6+ Kf5 40. Rb6 c3 41. Rb7 g5 42. hxg5 Kxg5 43. Rg7+ Kf6 44. Rb7 Rd5 45. Ke3 Kf5 46. f4 Rd2 47. Rf7+ Kg4 48. Rg7+ Kh4 49. f5 b3 50. Kf4 bxc2 51. Rg1 Rd1 52. Rg2 Rf1+ 0-1

[Event "GER OS-140 email"]
[Site "GER email"]
[Date "2010.07.30"]
[Round "?"]
[White "Kaspschak, Karola"]
[Black "Hausmann, Heiko"]
[Result "0-1"]
[WhiteElo "1545"]
[BlackElo "1477"]
[PlyCount "20"]
[EventDate "2010.08.10"]
[EventType "tourn (corr)"]
[EventRounds "6"]
[EventCountry "GER"]
[SourceTitle "Corr 2013"]
[Source "ChessBase"]
[SourceDate "2012.11.12"]
[SourceVersion "1"]
[SourceVersionDate "2012.11.12"]
[SourceQuality "1"]

1. e4 d5 2. exd5 Qxd5 3. Nc3 Qa5 4. d4 c6 5. Nf3 Nf6 6. Bc4 Bf5 7. Bd2 Qc7 8. Ne5 e6 9. g4 Bg6 10. Nxg6 hxg6 0-1

[Event "GER OS-140 email"]
[Site "GER email"]
[Date "2010.07.30"]
[Round "?"]
[White "Kettl, Hans Peter"]
[Black "Kaspschak, Karola"]
[Result "1-0"]
[WhiteElo "1712"]
[BlackElo "1545"]
[PlyCount "23"]
[EventDate "2010.08.10"]
[EventType "tourn (corr)"]
[EventRounds "6"]
[EventCountry "GER"]
[SourceTitle "Corr 2013"]
[Source "ChessBase"]
[SourceDate "2012.11.12"]
[SourceVersion "1"]
[SourceVersionDate "2012.11.12"]
[SourceQuality "1"]

1. d4 d5 2. c4 e6 3. Nc3 Nf6 4. cxd5 exd5 5. Bg5 Be7 6. e3 c6 7. Qc2 0-0 8. Bd3 Nbd7 9. Nge2 Re8 10. 0-0 Nf8 11. f3 Ne4 12. Bxe7 1-0

[Event "GER OS-062 email"]
[Site "GER email"]
[Date "2008.06.05"]
[Round "?"]
[White "Goebel, Knut"]
[Black "Kaspschak, Karola"]
[Result "0-1"]
[WhiteElo "1640"]
[BlackElo "1428"]
[PlyCount "76"]
[EventDate "2008.??.??"]
[EventType "tourn (corr)"]
[EventRounds "6"]
[EventCountry "GER"]
[SourceTitle "Corr 2011"]
[Source "ChessBase"]
[SourceDate "2010.08.31"]
[SourceVersion "1"]
[SourceVersionDate "2010.08.31"]
[SourceQuality "1"]

1. d4 d5 2. Nf3 Nf6 3. e3 Bd7 4. c4 e6 5. Nc3 Bd6 6. c5 Be7 7. Qb3 Nc6 8. Bd3 0-0 9. 0-0 b6 10. cxb6 axb6 11. Ne5 Nxe5 12. dxe5 Ng4 13. f4 Bc5 14. Nd1 Ba4 15. Qc3 Bxd1 16. Rxd1 Qh4 17. h3 Qf2+ 18. Kh1 Bxe3 19. Bxe3 Nxe3 20. Rd2 Qxf4 21. Re2 d4 22. Qxc7 Rfc8 23. Qd6 Rxa2 24. Rae1 g6 25. Kg1 Qg3 26. Qd7 Rca8 27. Rf2 R2a7 28. Qc6 Ra1 29. Rxa1 Rxa1+ 30. Bf1 Rxf1+ 31. Rxf1 Nxf1 32. Kxf1 Qf4+ 33. Kg1 Qxe5 34. Qxb6 Qe3+ 35. Kf1 e5 36. b4 Qf4+ 37. Ke1 Qe4+ 38. Kd1 d3 0-1

[Event "GER OS-062 email"]
[Site "GER email"]
[Date "2008.06.05"]
[Round "?"]
[White "Kaspschak, Karola"]
[Black "Lueckerath, Heinz Josef"]
[Result "1/2-1/2"]
[WhiteElo "1428"]
[BlackElo "1577"]
[PlyCount "37"]
[EventDate "2008.??.??"]
[EventType "tourn (corr)"]
[EventRounds "6"]
[EventCountry "GER"]
[SourceTitle "Corr 2011"]
[Source "ChessBase"]
[SourceDate "2010.08.31"]
[SourceVersion "1"]
[SourceVersionDate "2010.08.31"]
[SourceQuality "1"]

1. e4 c5 2. Nf3 d6 3. d4 cxd4 4. Nxd4 Nf6 5. Nc3 a6 6. Bc4 e6 7. 0-0 Be7 8. Re1 0-0 9. Be3 Qc7 10. Qe2 b5 11. Bd3 Nbd7 12. a4 b4 13. Na2 Bb7 14. Nxb4 d5 15. e5 Bxb4 16. c3 Nxe5 17. Bf4 Bd6 18. Bxe5 Bxe5 19. Qxe5 1/2-1/2